Bipolar/mos microprocessor : data manual.

Guardado en:
Autor Corporativo: Philips.
Formato: Libro
Idioma:English
Publicado: [Sunnyvale, California] : Signetics Corporation, c1977.
Materias:
Etiquetas: Agregar Etiqueta
Sin Etiquetas, Sea el primero en etiquetar este registro!
LEADER 00924nam a22002295a 4500
001 EIQ.libpla004056
008 080509s1977####caua##########000#0#eng#d
005 20080509171339.0
245 0 0 |a Bipolar/mos microprocessor :  |b data manual. 
260 |a [Sunnyvale, California] :  |b Signetics Corporation,  |c c1977. 
300 |a 352 p. :  |b il. ;  |c 28 cm. 
500 |a "Electronic components and materials for professional, industrial and consumer uses from the world-wide Philips Group of Companies". 
710 2 |a Philips. 
246 1 4 |a Signetis integrated circuits 1978 
246 1 8 |a Microprocessors Signetics ICs 1978 
246 1 4 |a Bipolar and MOS microprocessors 
650 4 |a Electrónica  |x Catálogos. 
650 4 |a Electrónica  |x Circuitos electrónicos. 
650 4 |a Electronics  |x Catalogs. 
650 4 |a Electronics  |x Electronic circuits. 
040 |a AR-BbSID  |b spa  |c AR-BbSID 
859 |a AR-BbSID  |b BIB. PLAPIQUI  |h 621.381 75  |i B 526  |p 3748